=LDR 00000nam 2200000 4500 =001 INLIS000000000032722 =005 20130612134722 =008 ***********************************ind** =035 ##$$0010-061300000032722 =041 ##$$a ind =082 ##$$a F Rom k =090 ##$$a F Rom K, Faj k =100 ##$$a FAJRI, Rizki Nur =245 ##$$a Kecil-kecil punya karya, Kupetik bintang, Rizki Nur Fajri ;Penyunting, Dadan Ramadhan =260 ##$$a 2009 $b Bandung =300 ##$$a 118 hlm, illus, 19 cm =650 ##$$a Fiksi kanak-kanak =700 ##$$a Ramadhan, dadan =850 ##$$a NBPNMAT